书目信息 |
| 题名: |
纠正被歪曲的历史
|
|
| 作者: | 王希亮 著 | |
| 分册: | ||
| 出版信息: | 哈尔滨 黑龙江人民出版社 2011.03 |
|
| 页数: | 222页 | |
| 开本: | 23cm | |
| 丛书名: | 纪念九一八事变80周年系列丛书 | |
| 单 册: | ||
| 中图分类: | K313.46 , G633.52 | |
| 科图分类: | ||
| 主题词: | 历史课--li shi ke--研究--日本--现代--教材 , 侵略战争--qin lue zhan zheng--研究--日本--现代 | |
| 电子资源: | ||
| ISBN: | 978-7-207-06609-1 | |
| 000 | 01214nam 2200301 450 | |
| 001 | 012011067531 | |
| 005 | 20110730084036.00 | |
| 010 | @a978-7-207-06609-1@dCNY28.00 | |
| 100 | @a20110730d2011 em y0chiy0120 ea | |
| 101 | 0 | @achi |
| 102 | @aCN@b230000 | |
| 105 | @aak a 000yy | |
| 106 | @ar | |
| 200 | 1 | @a纠正被歪曲的历史@Ajiu zheng bei wai qu de li shi@e对日本历史教科书问题的剖析@f王希亮著@Fwang xi liang zhu |
| 210 | @a哈尔滨@c黑龙江人民出版社@d2011.03 | |
| 215 | @a222页@c图@d23cm | |
| 225 | 2 | @a纪念九一八事变80周年系列丛书@Aji nian jiu yi ba shi bian 80 zhou nian xi lie cong shu |
| 320 | @a有书目 (第219-221页) | |
| 330 | @a本书共有九章内容,包括:战争时期日本的皇国史观、军国史观教育;战后教育改革及其实施;“五五体制”的确立;经济主义政治下皇国史观的复辟和回潮等。 | |
| 410 | 0 | @12001 @a纪念九一八事变80周年系列丛书 |
| 517 | 1 | @a对日本历史教科书问题的剖析@Adui ri ben li shi jiao ke shu wen ti de pou xi |
| 606 | 0 | @a历史课@Ali shi ke@x研究@y日本@z现代@j教材 |
| 606 | 0 | @a侵略战争@Aqin lue zhan zheng@x研究@y日本@z现代 |
| 690 | @aK313.46@v4 | |
| 690 | @aG633.52@v4 | |
| 701 | 0 | @a王希亮@Awang xi liang@4著 |
| 801 | 0 | @aCN@bQSSK@c20110730 |
| 905 | @b793754-56@dK313.46@eW393@f3 | |
| 纠正被歪曲的历史:对日本历史教科书问题的剖析/王希亮著.-哈尔滨:黑龙江人民出版社,2011.03 |
| 222页:图;23cm.-(纪念九一八事变80周年系列丛书) |
| ISBN 978-7-207-06609-1:CNY28.00 |
| 本书共有九章内容,包括:战争时期日本的皇国史观、军国史观教育;战后教育改革及其实施;“五五体制”的确立;经济主义政治下皇国史观的复辟和回潮等。 |
| ● |
| 相关链接 |
|
|
|
正题名:纠正被歪曲的历史
索取号:K313.46/W393
 
预约/预借
| 序号 | 登录号 | 条形码 | 馆藏地/架位号 | 状态 | 备注 |
| 1 | 793754 | 207937544 | 社科库309/309社科库 39排7列3层/ [索取号:K313.46/W393] | 在馆 | |
| 2 | 793755 | 207937553 | 社科库309/309社科库 39排7列3层/ [索取号:K313.46/W393] | 在馆 | |
| 3 | 793756 | 207937562 | 社科库309/309社科库 39排7列3层/ [索取号:K313.46/W393] | 在馆 |